The Oxford companion to economics in India/ (Record no. 8952)

MARC details
000 -LEADER
fixed length control field 00696 a2200205 4500
010 ## - LIBRARY OF CONGRESS CONTROL NUMBER
LC control number ENG-88647
020 ## - INTERNATIONAL STANDARD BOOK NUMBER
Terms of availability 2750.00
International Standard Book Number 9780195669848
035 ## - SYSTEM CONTROL NUMBER
System control number EN-72180
037 ## - SOURCE OF ACQUISITION
Source of stock number/acquisition DBAD / PUB
082 14 - DEWEY DECIMAL CLASSIFICATION NUMBER
Classification number 338.954
090 ## - LOCALLY ASSIGNED LC-TYPE CALL NUMBER (OCLC); LOCAL CALL NUMBER (OCLC)
-- 9117
-- 9117
245 1# - TITLE STATEMENT
Title The Oxford companion to economics in India/
Statement of responsibility, etc edited by Kaushik Basu
260 ## - PUBLICATION, DISTRIBUTION, ETC. (IMPRINT)
Place of publication, distribution, etc New Delhi
Name of publisher, distributor, etc Oxford University Press,
Date of publication, distribution, etc 2007
270 ## - ADDRESS
Address YMCA Library Building, Jai Singh Road,
City New Delhi
Postal code 110 001
300 ## - PHYSICAL DESCRIPTION
Extent ix, 602p. :
Dimensions 25cm (Hb)
Accompanying material CD-ROM
500 ## - GENERAL NOTE
General note Includes index
700 ## - ADDED ENTRY--PERSONAL NAME
Personal name Basu, Kaushik
942 ## - ADDED ENTRY ELEMENTS (KOHA)
Institution code [OBSOLETE] dpl
Koha item type English Books
Call number prefix 338.954 / OXF
Holdings
Withdrawn status Lost status Source of classification or shelving scheme Damaged status Not for loan Collection code Home library Current library Source of acquisition Cost, normal purchase price Total Checkouts Full call number Barcode Date last seen Copy number Uniform Resource Identifier Cost, replacement price Price effective from Koha item type
    Dewey Decimal Classification   Not For Loan Non-fiction D.B.Act.Division D.B.Act.Division DBAD/PUB 2750.00   338.954 EN-72180 15/09/2008 1 9900 2750.00 15/09/2008 English Books

© Delhi Public Library
Hit Counter
free hit counter